| 000 | 00489cam a2200181 4500 | ||
|---|---|---|---|
| 001 | D9515 | ||
| 008 | 090401t1978 xxu||||| |||| 00| 0 eng d | ||
| 035 | _a(Sirsi) u20308 | ||
| 041 | _aeng | ||
| 050 | _a526.3 | ||
| 110 |
_aUnited States. National Research Council _9487 |
||
| 245 | _aCommittee on Geodesy. Geodesy: trends and prospects. | ||
| 260 |
_aWashington DC _bNational Academy of Sciences _c1978 |
||
| 300 | _aix. 86p. 28cm | ||
| 350 | _a0 | ||
| 942 | _n0 | ||
| 948 | _c04/03/1997 | ||
| 999 |
_c87793 _d87793 |
||